Largest City Within 200 Miles Chain - Los Angeles - Statistics

General Stats
  • This quiz has been taken 13 times
  • The average score is 8 of 20
Answer Stats
Population Distance
from previous
(mi)
State/Country City % Correct
1,386,932 21 CA San Diego
100%
1,922,523 130 Mexico Tijuana
100%
466,742 174 CA Long Beach
56%
854,186 98 Mexico Mexicali
56%
403,455 119 CA Bakersfield
44%
542,107 107 CA Fresno
44%
440,646 69 CA Oakland
44%
264,165 134 NV Reno
44%
524,943 75 CA Sacramento
44%
873,965 47 CA San Francisco
44%
1,013,240 117 CA San Jose
44%
320,804 52 CA Stockton
44%
176,124 72 CA Elk Grove
11%
230,504 181 CA Fremont
11%
162,954 70 CA Hayward
11%
218,464 52 CA Modesto
11%
147,773 103 CA Roseville
11%
196,543 120 CA Salinas
11%
178,127 108 CA Santa Rosa
11%
155,805 17 CA Sunnyvale
11%
No matching quizzes found
Score Distribution
Percent of People with Each Score
Percentile by Number Answered
Your Score History
You have not taken this quiz